000 01319ncm a2200301 c 4500
999 _c296955
_d296955
003 BLK
005 20241004155836.0
008 180414b bul |a|er|||| |0| c|bulo|
010 _aNOT00000305000
040 _aBLK
041 _aRUS
_cRUS
080 _aОпера. Музикална драма. Романтична опера. Опера-приказка
_b782.1
_z782.1
100 1 _aМусоргски, Модест Петрович
_d1839 - 1881
_eпърви автор
_9222175
139 _aМусоргски, Модест
_bМ 95
245 1 0 _aБорис Годунов
_bОпера в 4 д. с прологом
_cМодест Мусоргски; оркестрация Павел Александрович Ламм; по Александър Сергеевич Пушкин
254 _aКлавир
257 _aRUS
260 _aЛенинград
_bМузыка 1527
_c1964
300 _c30 см
380 _a7
700 1 _aЛамм, Павел Александрович
_eоркестрация
_987559
700 _aПушкин, Александър Сергеевич
_d1799-1837
_9364559
852 _aЦб М ІІ 2977
_p0
856 4 _qpdf
_u
_i0.00
_ldisable
942 _cNOT
_n0
_s1
944 _aCR
_c15.11.2003
_k30560
_lГеновева Генчева
944 _aED
_c23.11.2004